The information seekers: an international study of consumer information and advertising image

Gardado en:
Detalles Bibliográficos
Main Authors: Thorelli, Hans B (Author), Becker, Helmut (Author), Engledow, Jack (Author)
Formato: Libro
Idioma:inglés
Publicado: Cambridge Ballinger 1975
Subjects:
Tags: Engadir etiqueta
Sen Etiquetas, Sexa o primeiro en etiquetar este rexistro!

MARC

LEADER 00000nam a2200000 a 4500
001 UCQ1792
003 CL-VaPUC
008 980721e19750000US |||||||||||||||||eng|d
082 0 4 |a 658.834  |b THO  |2 21 
100 0 |a Thorelli, Hans B  |e author  |9 415616 
700 0 |a Becker, Helmut  |e author  |9 415617 
700 0 |a Engledow, Jack  |e author  |9 415618 
245 1 4 |a The information seekers: an international study of consumer information and advertising image 
300 |a 373 p 
942 |c BK 
945 |d 19980721 00:00:00  |a cmena 
260 |a Cambridge  |b Ballinger  |c 1975 
650 0 |a Consumidores  |9 315658 
650 0 |a Investigación de mercado  |9 332310 
650 0 |a Psicología aplicada   |9 270762 
650 0 |a Comportamiento   |9 308406 
650 0 |a Publicidad  |9 314572 
650 7 |a PRODUCTOS  |2 CL-VaPUC  |9 338640 
583 |a last modification  |c 19980721 00:00:00  |k Rodrigo Vera 
999 |c 272636  |d 272634 
952 |0 0  |1 0  |4 0  |6 658_834000000000000_THO_1975  |7 0  |8 A  |9 307748  |a BIBGIM  |b BIBGIM  |d 2019-11-20  |i 1441086  |o 658.834 THO 1975  |p 1441086  |r 2025-01-15  |w 2019-11-20  |y BK  |k COM